Mô tả các nhóm hữu hạn có cấp bé hơn hoặc bằng 15
Cơ quan chủ trì: Đại học Thủ Dầu Một; Báo cáo tổng kết đề tài nghiên cứu khoa học của sinh viên tham gia cuộc thi sinh viên nghiên cứu khoa học năm 2016-2017. Xét giải thưởng tài năng khoa học trẻ đại học Thủ Dầu Một năm 2017; Đề tài gồm các ch...
Saved in:
| Main Author: | |
|---|---|
| Other Authors: | |
| Format: | Book |
| Language: | Undetermined |
| Published: |
Bình Dương, 2017
|
| Subjects: | |
| Online Access: | http://lrc.tdmu.edu.vn/opac/search/detail.asp?aID=2&ID=31464 |
| Tags: |
Add Tag
No Tags, Be the first to tag this record!
|
| Institutions: | Trung tâm Học liệu Trường Đại học Thủ Dầu Một |
|---|
| LEADER | 01324nam a2200193Ia 4500 | ||
|---|---|---|---|
| 001 | TDMU_31464 | ||
| 008 | 210410s9999 xx 000 0 und d | ||
| 082 | |a 306.848 | ||
| 090 | |b L250 | ||
| 100 | |a Lê, Nguyễn Viết Tường | ||
| 245 | 0 | |a Mô tả các nhóm hữu hạn có cấp bé hơn hoặc bằng 15 | |
| 245 | 0 | |c Lê Nguyễn Viết Tường; ThS. Nguyễn Thị Khánh Hòa(h.d) | |
| 260 | |a Bình Dương, 2017 | ||
| 300 | |a 25tr | ||
| 520 | |a Cơ quan chủ trì: Đại học Thủ Dầu Một; Báo cáo tổng kết đề tài nghiên cứu khoa học của sinh viên tham gia cuộc thi sinh viên nghiên cứu khoa học năm 2016-2017. Xét giải thưởng tài năng khoa học trẻ đại học Thủ Dầu Một năm 2017; Đề tài gồm các chương: Chương 1 Kiến thức chuẩn bị; Chương 2.Mô tả các nhóm hữu hạn có cấp bé hơn hoặc bằng 15; TLTK sau phần kết luận | ||
| 650 | |a Toán học |x Đại số |x Nhóm hữu hạn; Báo cáo khoa học | ||
| 700 | |a Nguyễn Thị Khánh Hòa | ||
| 856 | |u http://lrc.tdmu.edu.vn/opac/search/detail.asp?aID=2&ID=31464 | ||
| 980 | |a Trung tâm Học liệu Trường Đại học Thủ Dầu Một | ||